000 00583cam a22002051 4500
001 af 48001344
003 DLC
005 20260227110848.0
008 900208s1940 sw 000 0 ger c
010 _aaf 48001344
035 _a(OCoLC)21022745
040 _aYale Univ. Library
_cCU
_dDLC
042 _apremarc
050 0 0 _aD811
_b.M357
100 1 _aMast, Hans,
_d1902-
245 1 0 _aSoldaten, Kameraden ...
_bVom Leben bei den Territorialen.
260 _aFrauenfeld,
_bHuber
_c[1940]
300 _a116 p.
_c20 cm.
650 0 _aWorld War, 1939-1945
_xPersonal narratives, German.
999 _c4467
_d4467